| 000 | 00728nam a2200229 i 4500 | ||
|---|---|---|---|
| 001 | 172562 | ||
| 003 | ES-MaACL | ||
| 005 | 20250804082049.0 | ||
| 008 | 090720s1971 xxk |||| | eng d | ||
| 020 | _a0-7100-7026-8 | ||
| 080 | _a164 | ||
| 100 | 0 |
_aCopi, Irving M. _940411 |
|
| 245 | 1 | 4 |
_aThe theory of logical types / _cby Irving M. Copi. |
| 260 |
_aLondon : _bRoutledge & Kegan Paul, _c1971. |
||
| 300 |
_aX, 129 p. ; _c18 cm. |
||
| 490 | 1 | _aMonographs in modern logic | |
| 504 | _aBibliografía: p. 118-125. | ||
| 650 | 7 |
_aLógica matemática _2embne _914697 |
|
| 830 | 1 |
_aMonographs in modern logic _9223371 |
|
| 852 | 4 |
_aES-MaACL _jE-12882 _z- Biblioteca Jacinto Martínez Lacalle |
|
| 999 |
_c172562 _d172562 |
||